A history of the Indian mutiny: (Record no. 18538)

MARC details
000 -LEADER
fixed length control field 00866cam a22002531 4500
001 - CONTROL NUMBER
control field 6329398
003 - CONTROL NUMBER IDENTIFIER
control field BDDh-ASL
005 - DATE AND TIME OF LATEST TRANSACTION
control field 20231015025719.0
008 - FIXED-LENGTH DATA ELEMENTS--GENERAL INFORMATION
fixed length control field 770505s1883 e 000 0 eng
010 ## - LIBRARY OF CONGRESS CONTROL NUMBER
LC control number 05001765
035 ## - SYSTEM CONTROL NUMBER
System control number (OCoLC)2944426
040 ## - CATALOGING SOURCE
Original cataloging agency DLC
Transcribing agency ODa
Modifying agency BDDh-ASL
050 00 - LIBRARY OF CONGRESS CALL NUMBER
Classification number DS478
Item number .H75
082 ## - DEWEY DECIMAL CLASSIFICATION NUMBER
Classification number 954
Item number HOH
100 1# - MAIN ENTRY--PERSONAL NAME
Personal name Holmes, T. Rice
Fuller form of name (Thomas Rice),
Dates associated with a name 1855-1933.
245 12 - TITLE STATEMENT
Title A history of the Indian mutiny:
Remainder of title and of the disturbances which accompanied it among the civil population/
Statement of responsibility, etc. by T. Rice Holmes.
250 ## - EDITION STATEMENT
Edition statement 1st ed.
260 ## - PUBLICATION, DISTRIBUTION, ETC.
Place of publication, distribution, etc. London:
-- New York:
Name of publisher, distributor, etc. Macmillan and co., limited,
Date of publication, distribution, etc. 1898.
300 ## - PHYSICAL DESCRIPTION
Extent xvi, 604 p. :
Dimensions 23 cm.
651 #0 - SUBJECT ADDED ENTRY--GEOGRAPHIC NAME
Geographic name India
General subdivision History
Chronological subdivision Sepoy Rebellion, 1857-1858.
651 #0 - SUBJECT ADDED ENTRY--GEOGRAPHIC NAME
Geographic name India
General subdivision History
Chronological subdivision British occupation, 1765-1947.
906 ## - LOCAL DATA ELEMENT F, LDF (RLIN)
a 7
b cbc
c oclcrpl
d u
e ncip
f 19
g y-gencatlg
942 ## - ADDED ENTRY ELEMENTS (KOHA)
Source of classification or shelving scheme Dewey Decimal Classification
Koha item type Books
Holdings
Withdrawn status Lost status Source of classification or shelving scheme Damaged status Not for loan Collection code Home library Current library Shelving location Date acquired Source of acquisition Total Checkouts Full call number Barcode Date last seen Copy number Price effective from Koha item type Public note
    Dewey Decimal Classification   Not For Loan Non-fiction Asiatic Society Library Asiatic Society Library Harrison Collection 10/13/2020 Donated by Prof. John B. Harrison   954 HOH 101730 10/13/2020 C-1 10/13/2020 Books RARE

Powered by Koha